00697nam a2200229 a 450000100060000000300090000600500170001500800410003203500200007304000330009304100080012608200300013410000220016424500520018625000160023826000370025430000270029149000390031850400500035765000210040783000390042857424BD-RjUL 20211209080518.0101216s1955 ii fh b 001 0 eng d a(BD-RjUL) 57548 aDLCcDLCdEQOdBD-RjUL beng aeng a297.8220955223bIVS 19551 aIvanow, Wladimir.10aStudies in early Persian Ismailism /cW. Ivanow a2nd rev. ed aBombay :bIsmaili Society,c1955 a157 p. :bill ;c22 cm1 aIsmaili Society series ;vA, no. 8 aIncludes bibliographical references and index 0aIsmailiteszIran 0aIsmaili Society series ;vA, no. 8